00315nam a2200109Ia 4500008004100000020001500041040002900056050002500085100002800110245004200138260002500180221021s9999||||xx |||||||||||||| ||und|| a9966855408 cChuka University Library aBJ 1251 b.M275 1996 aMacgoye,Marjorie Oludhe 0aMoral issues in kenya:a personal view aNairobibUzimac1996